00387pab a2200133 454500008004000000100002400040245009500064260000900159300001200168362001100180650002400191650001500215773002300230180718b2008 xxu||||| |||| 00| 0 eng d aMargolis, Maxine L. aSeptember 11th and transnationalism: the case of Brazilian immigrants in the united states c2008 ap.1-11. aSpring aImmigrants - Brazil aImmigrants aHuman Organization